| 000 | 00558nam a22001817a 4500 | ||
|---|---|---|---|
| 008 | 170204s2013 gt||||| |||| 00| 0 spa d | ||
| 082 | 0 | 4 |
_a861 _bM233p |
| 100 | 1 |
_aMajano, David. _95718 |
|
| 245 | 1 | 0 |
_alarulp plurale / _cDavid Majano ; traducción por Daniela Volpe. |
| 250 | _a1a ed. 1a reimpr. | ||
| 260 |
_aGuatemala : _bEdiciones Bizarras, _c2013. |
||
| 300 |
_a44 p. _bil. |
||
| 653 | 1 | 0 | _aLiteratura |
| 653 | 1 | 0 | _aPoesía - Guatemala |
| 653 | 1 | 0 | _aArte - Poesía |
| 653 | 1 | 0 | _aLiteratura Latinoamericana |
| 700 | 1 |
_aVolpe, Daniela. _etraductora. _95719 |
|
| 999 |
_c1135 _d1135 |
||